Municipalities of Tottori - Click Map - Statistics

General Stats
  • This quiz has been taken 8 times
  • The average score is 15 of 19
Answers on the Map
Answers color-coded by a green-red scale on the quiz's map according to % correct below.
 
Answer Stats
Answer % Correct
Yurihama 湯梨浜町 ゆりはまちょう
100%
Chizu 智頭町 ちづちょう
83%
Hiezu 日吉津村 ひえづそん
83%
Iwami 岩美町 いわみちょう
83%
Kurayoshi 倉吉市 くらよしし
83%
Misasa 三朝町 みささちょう
83%
Nichinan 日南町 にちなんちょう
83%
Sakaiminato 境港市 さかいみなとし
83%
Tottori 鳥取市 とっとりし
83%
Wakasa 若桜町 わかさちょう
83%
Yazu 八頭町 やずちょう
83%
Yonago 米子市 よなごし
83%
Hino 日野町 ひのちょう
67%
Hoki 伯耆町 ほうきちょう
67%
Hokuei 北栄町 ほくえいちょう
67%
Kofu 江府町 こうふちょう
67%
Kotoura 琴浦町 ことうらちょう
67%
Nanbu 南部町 なんぶちょう
67%
Daisen 大山町 だいせんちょう
50%
No matching quizzes found
Score Distribution
Percent of People with Each Score
Percentile by Number Answered
Your Score History
You have not taken this quiz